000 01183nam0a22002651 4500
001 rc\2970363
005 20250530001107.0
035 _a(NLR Aleph) 007116522
090 _a6820021
_c6820021
100 _a20110907d1937 |||y0rusy50 ca
101 0 _arus
102 _aRU
105 _ay z |||||
200 1 _aПути и задачи токсикологии и фармакологии
_fПроф. В.М. Карасик. Из Кафедры токсикологии Первого Ленингр. мед. ин-та им. акад. И.П. Павлова и Кафедры фармакологии Ленингр. педиатр. ин-та
210 _aЛенинград
_cБ. и.
_d[1937]
_gТип. "Коминтерн"
215 _aС. 7-36 [1] с.
_d15 см
300 _aБез тит. л. и обл.
300 _a"Отд. отт. из Сов. врачебной журн., № 24, 1937
700 1 _aКарасик
_bВ. М.
_cд-р мед. наук
_f1894-1964
_gВладимир Моисеевич
_9227283
_3RU\NLR\AUTH\770227339
801 0 _aRU
_bNLR
_gpsbo
801 1 _aRU
_bELAR
_2rusmarc
852 _aNLR
_jМд16 В-2/4
942 _cBOOK
980 _aNB